5 Ciudades más Pobladas por País Sudamericano - Estadísticas

Estadísticas generales
  • Esta prueba ha sido intentada 125 veces
  • La puntuación promedio es 31 de 65
Estadísticas de respuestas
Población Ciudades % Correcto
Argentina Buenos Aires
100%
Chile Santiago
98%
Perú Lima
96%
Brasil Río de Janeiro
96%
Paraguay Asunción
95%
Ecuador Quito
95%
Brasil São Paulo
95%
Colombia Bogotá
94%
Bolivia La Paz
94%
Uruguay Montevideo
94%
Brasil Brasilia
91%
Venezuela Caracas
91%
Bolivia Sucre
90%
Argentina Córdoba
89%
Colombia Medellín
86%
Argentina Rosario
83%
Colombia Cali
82%
Ecuador Guayaquil
76%
Argentina Mendoza
74%
Chile Valparaíso
73%
Colombia Barranquilla
71%
Brasil Belo Horizonte
71%
Guyana Georgetown
70%
Surinam Paramaribo
69%
Trinidad y Tobago Puerto España
64%
Venezuela Maracaibo
62%
Bolivia Santa Cruz de la Sierra
60%
Brasil Porto Alegre
56%
Perú Arequipa
54%
Argentina San Miguel de Tucumán
51%
Chile Antofagasta
50%
Bolivia Cochabamba
50%
Venezuela Valencia
49%
Colombia Bucaramanga
43%
Perú Trujillo
40%
Paraguay Ciudad del Este
37%
Chile Concepción
36%
Ecuador Cuenca
36%
Chile La Serena
36%
Venezuela Barquisimeto
30%
Uruguay Salto
29%
Venezuela Maracay
28%
Bolivia Oruro
22%
Uruguay Maldonado
21%
Perú Chiclayo
18%
Uruguay Paysandú
17%
Perú Piura
17%
Ecuador Manta
16%
Trinidad y Tobago Chaguanas
11%
Ecuador Ibarra
11%
Trinidad y Tobago San Fernando
11%
Paraguay Luque
10%
Guyana Nueva Ámsterdam
10%
Trinidad y Tobago Arima
9%
Uruguay Ciudad de la Costa
9%
Trinidad y Tobago Punta Fortín
7%
Paraguay San Lorenzo
7%
Guyana Linden
6%
Surinam Nieuw Nickerie
5%
Surinam Brokopondo
4%
Surinam Lelydorp
4%
Paraguay Capiatá
3%
Guyana Corriverton
3%
Surinam Moengo
3%
Guyana Rose Hall
3%
No se encontraron pruebas coincidentes
Distribución de puntuación
Porcentaje de gente con cada puntuación
Porcentaje por número respondido
Historial de tus puntuaciones
No has intentado esta prueba.